[Event "Ogolnopolska Olimpiada Mlodziezy C-14"]
[Site "Spala"]
[Date "1899-12-30"]
[Round "5.8"]
[White "Janiszewski, Filip"]
[Black "Sulkowski, Andrzej"]
[Result "1-0"]
[WhiteTitle "I"]
[BlackTitle "II+"]
[WhiteElo "1824"]
[BlackElo "1585"]

1. e4 e6 2. d4 d5 3. Nd2 Nf6 4. e5 Nfd7 5. c3 c5 6. Bd3 Nc6 7. Ne2 cxd4 8. cxd4
f6 9. exf6 Nxf6 10. Nf3 Bd6 11. O-O Qc7 12. Nc3 a6 13. Bg5 O-O 14. Bh4 g6 15.
Bg3 Bxg3 16. hxg3 Bd7 17. Rc1 Qd6 18. a3 b5 19. b4 Rfe8 20. Qc2 Ne7 21. Ne2 Rac8
22. Qb1 Nf5 23. Ne5 Kg7 24. Qb2 Rxc1 25. Rxc1 Rc8 26. Rxc8 Bxc8 27. Qc3 Ne7 28.
Bc2 Nd7 29. Nxd7 Qxd7 30. Qc5 Nc6 31. a4 Na7 32. axb5 Nxb5 33. Ba4 Qb7 34. Nf4
Kf7 35. Nd3 Bd7 36. Ne5+ Ke8 37. g4 Qc8 38. Nxd7 Qxd7 39. Qb6 Qc8 40. Bxb5+ axb5
41. Qxb5+ Kf7 42. Qc5 Qa8 43. b5 Ke8 44. b6 Qb7 45. Qd6 Qd7 46. Qb8+ Qd8 47. Qa7
Qc8 48. b7 Qc1+ 49. Kh2 Qf4+ 50. Kh3 Qh6+ 51. Kg3 Qf4+ 52. Kxf4 e5+ 53. Kxe5 Kd7
54. b8=R+ Kc6 55. Qb7# 1-0

[Event "Ogolnopolska Olimpiada Mlodziezy C-14"]
[Site "Spala"]
[Date "1899-12-30"]
[Round "5.9"]
[White "Lukasiewicz, Krzysztof"]
[Black "Tokarz, Krzysztof"]
[Result "1-0"]
[WhiteTitle "I"]
[BlackTitle "II"]
[WhiteElo "1803"]
[BlackElo "1498"]

1. e4 e6 2. d4 d5 3. Nd2 dxe4 4. Nxe4 Bd7 5. Nf3 Bc6 6. Bd3 Nd7 7. O-O Bxe4 8.
Bxe4 c6 9. Bg5 Ngf6 10. Bd3 Be7 11. Re1 O-O 12. Ne5 Nd5 13. Bxe7 Qxe7 14. c4 N5f6
15. Qc2 Qd8 16. Rad1 Rc8 17. Re3 Qc7 18. Qe2 g6 19. Bc2 b5 20. b3 a5 21. Rh3 Nxe5
22. dxe5 Nd7 23. f4 f5 24. Rd6 Nc5 25. Qf2 Qb6 26. Rxe6 bxc4 27. Re7 Rfd8 28.
Rhxh7 Rd2 29. Reg7+ Kf8 30. Rf7+ Ke8 31. Re7+ Kf8 32. Rh8+ Kxe7 33. Qh4+ g5 34.
Qxg5+ Kd7 35. Rh7+ Ke6 36. Qf6+ Kd5 37. Qd6# 1-0

[Event "Ogolnopolska Olimpiada Mlodziezy C-14"]
[Site "Spala"]
[Date "1899-12-30"]
[Round "5.10"]
[White "Leskiewicz, Ignacy"]
[Black "Bilczewski, Kacper"]
[Result "1-0"]
[WhiteTitle "I"]
[BlackTitle "I"]
[WhiteElo "1685"]
[BlackElo "1801"]

1. e4 e5 2. Nf3 Nc6 3. Bb5 f5 4. d3 fxe4 5. dxe4 Nf6 6. Nbd2 Bc5 7. O-O d6 8. c3
Qe7 9. Qc2 O-O 10. Be2 a6 11. Nc4 b5 12. Ne3 Ng4 13. Nd5 Qd7 14. b4 Ba7 15. a4
Ne7 16. Nxe7+ Qxe7 17. Bg5 Qe8 18. h3 Nf6 19. axb5 axb5 20. Be3 c5 21. bxc5 dxc5
22. Bxc5 Bxc5 23. Rxa8 Qc6 24. Ra5 Qxe4 25. Qxe4 Nxe4 26. Rxb5 Bxf2+ 27. Rxf2
Nxf2 28. Rxe5 Nxh3+ 29. gxh3 Bxh3 30. Rc5 Bc8 31. Rb5 1-0

[Event "Ogolnopolska Olimpiada Mlodziezy C-14"]
[Site "Spala"]
[Date "1899-12-30"]
[Round "5.11"]
[White "Pietras, Daniel"]
[Black "Tamon, Radoslaw"]
[Result "1/2-1/2"]
[WhiteTitle "II+"]
[BlackTitle "I"]
[WhiteElo "1509"]
[BlackElo "1707"]

1. e4 e6 2. d4 d5 3. exd5 exd5 4. c4 Nf6 5. Nc3 Be7 6. Nf3 O-O 7. Bd3 c6 8. h3
dxc4 9. Bxc4 Nbd7 10. O-O Nb6 11. Bb3 Nbd5 12. Bg5 Be6 13. Re1 h6 14. Nxd5 Bxd5
15. Bxd5 Nxd5 16. Bxe7 Nxe7 17. Qb3 Qc7 18. Re4 Nd5 19. Rae1 Rad8 20. a3 Rd7 21.
Re8 Rd8 22. R8e4 Rd7 23. Re8 Rd8 24. R8e4 Rd7 25. Re8 Rd8 26. R8e4 Rd7 1/2-1/2

[Event "Ogolnopolska Olimpiada Mlodziezy C-14"]
[Site "Spala"]
[Date "1899-12-30"]
[Round "5.12"]
[White "Wyczling, Bartosz"]
[Black "Raczynski, Krzysztof"]
[Result "1-0"]
[WhiteTitle "I"]
[BlackTitle "I"]
[WhiteElo "1747"]
[BlackElo "1634"]

1. d4 Nf6 2. c4 g6 3. Nc3 Bg7 4. e4 d6 5. Be2 O-O 6. Be3 e5 7. d5 Ne8 8. g4 f5
9. gxf5 gxf5 10. exf5 Bxf5 11. Qd2 c5 12. O-O-O a6 13. Bd3 Qa5 14. Bxf5 Rxf5 15.
Kb1 Nd7 16. Nh3 Qb4 17. Qc2 Rf8 18. Ng5 Ndf6 19. Ne6 Rf7 20. Na4 Ne4 21. Qxe4
Qxa4 22. Rhg1 b5 23. Ng5 Nf6 24. Qf5 Re7 25. Ne6 Rf7 26. Nxg7 Kh8 27. Ne6 Qxc4
28. Bg5 Qe4+ 29. Qxe4 Nxe4 30. Bh6 Raa7 31. Rg2 1-0

[Event "Ogolnopolska Olimpiada Mlodziezy C-14"]
[Site "Spala"]
[Date "1899-12-30"]
[Round "5.13"]
[White "Miszkielo, Bartosz"]
[Black "Choina, Michal"]
[Result "0-1"]
[WhiteTitle "I"]
[BlackTitle "II"]
[WhiteElo "1707"]
[BlackElo "1627"]

1. Nf3 c5 2. c4 e6 3. b3 Nf6 4. Bb2 d5 5. d3 d4 6. b4 b6 7. e3 dxe3 8. fxe3 cxb4
9. d4 Be7 10. Be2 O-O 11. Ne5 Bb7 12. Bf3 Qc7 13. Nd2 Nbd7 14. Nd3 Rac8 15. e4
h6 16. O-O Rfe8 17. Rc1 Qb8 18. Kh1 Nh7 19. Rc2 a5 20. Bg4 Ndf6 21. e5 Nxg4 22.
Qxg4 Ba6 23. Nf4 Bf8 24. Nh5 Bb7 25. Ne4 Bxe4 26. Qxe4 Rc7 27. Bc1 Qd8 28. Qg4
Kh8 29. Be3 Ree7 30. Rf3 Red7 31. Rg3 g6 32. Nf4 Qc8 33. c5 bxc5 34. dxc5 Bxc5
35. Bxc5 Rxc5 36. Rxc5 Qxc5 37. Nd3 Qc2 38. Qe4 Rxd3 39. Qa8+ Kg7 40. Rxg6+ fxg6
41. Qa7+ Kg8 42. h3 Qc1+ 43. Kh2 Qf4+ 44. Kg1 Rd4 0-1

[Event "Ogolnopolska Olimpiada Mlodziezy C-14"]
[Site "Spala"]
[Date "1899-12-30"]
[Round "5.14"]
[White "Poplawski, Maciej"]
[Black "Blocinski, Maciej"]
[Result "1/2-1/2"]
[WhiteTitle "II"]
[BlackTitle "I"]
[WhiteElo "1591"]
[BlackElo "1665"]

1. d4 d5 2. Nc3 Nf6 3. Bg5 e6 4. e4 Be7 5. Bxf6 Bxf6 6. e5 Be7 7. Qg4 O-O 8. Bd3
Nd7 9. Nf3 c5 10. h4 f5 11. Qh5 Qe8 12. Qxe8 Rxe8 13. Nb5 Bd8 14. Nd6 Re7 15.
Bb5 cxd4 16. O-O-O Bc7 17. Rhe1 a6 18. Bxd7 Rxd7 19. Nxc8 Rxc8 20. Nxd4 Re7 21.
c3 Bb6 22. Kc2 Rc4 23. b3 Rc8 24. Rd3 Kf7 25. Kd2 Rec7 26. Rc1 Ba7 27. f3 f4 28.
a4 h5 29. Ne2 Be3+ 30. Rxe3 fxe3+ 31. Kxe3 b5 32. axb5 axb5 33. b4 Rc4 34. g3
d4+ 35. Nxd4 Rxc3+ 36. Rxc3 Rxc3+ 37. Kf2 Rc4 38. Nxb5 Rxb4 39. Nd6+ Kg6 40. f4
Kh7 41. Kf3 Rb3+ 42. Ke4 1/2-1/2

[Event "Ogolnopolska Olimpiada Mlodziezy C-14"]
[Site "Spala"]
[Date "1899-12-30"]
[Round "5.15"]
[White "Paliszewski, Dominik"]
[Black "Karwat, Szymon"]
[Result "0-1"]
[WhiteTitle "II"]
[BlackTitle "II"]
[WhiteElo "1648"]
[BlackElo "1379"]

1. e4 e6 2. d4 d5 3. e5 c5 4. c3 Nc6 5. Nf3 Bd7 6. Be2 Nge7 7. Na3 a6 8. Nc2 Nf5
9. O-O Be7 10. g4 Nh6 11. Bxh6 gxh6 12. Nfe1 Qc7 13. f4 O-O-O 14. a3 c4 15. Ne3
f6 16. Nf3 fxe5 17. Nxe5 Nxe5 18. fxe5 Rdf8 19. Qc2 Bg5 20. Ng2 Be8 21. h4 Bg6
22. Qd1 Be7 23. Qd2 h5 24. g5 Qd8 25. Nf4 Bxg5 26. hxg5 Qxg5+ 27. Kh2 Be4 28.
Kh3 Rhg8 29. Rg1 Bf5+ 30. Bg4 Bxg4+ 31. Kg3 h4+ 32. Kh2 Qxf4+ 33. Qxf4 Rxf4 34.
Raf1 Rgf8 35. Rxg4 Rxf1 36. Rxh4 R1f2+ 37. Kg1 Rxb2 38. Rxh7 Rff2 0-1

[Event "Ogolnopolska Olimpiada Mlodziezy C-14"]
[Site "Spala"]
[Date "1899-12-30"]
[Round "5.16"]
[White "Szmer, Aleksander"]
[Black "Gaj, Szymon"]
[Result "1/2-1/2"]
[WhiteTitle "I"]
[BlackTitle "II+"]
[WhiteElo "1732"]
[BlackElo "1544"]

1. e4 c5 2. Nf3 d6 3. d4 cxd4 4. Nxd4 Nf6 5. Nc3 g6 6. f3 Bg7 7. Be3 a6 8. Bc4
Nbd7 9. Qd2 b5 10. Bb3 Bb7 11. g4 O-O 12. g5 Nh5 13. O-O-O Nc5 14. Nde2 Nxb3+
15. axb3 Rc8 16. Nb1 Qc7 17. Ng3 b4 18. Nxh5 gxh5 19. Rhf1 Qa5 20. Qd3 Qa2 21.
Bd4 Bxd4 22. Qxd4 Qxb3 23. Rf2 Qc4 24. Qb6 Qc5 25. Qxc5 Rxc5 26. Rd4 Rxg5 27.
Rxb4 Rg1+ 28. Kd2 Bxe4 29. Rxe4 Rxb1 30. Rg2+ Kh8 31. Rxe7 Rxb2 32. Ra7 Rb6 33.
Rg5 h6 34. Rxh5 Kg7 35. Ra5 Kf6 36. R7xa6 Rxa6 37. Rxa6 Ke6 38. Ra5 f5 39. Ra4
Ke5 40. Rh4 Rf6 41. Kd3 1/2-1/2

[Event "Ogolnopolska Olimpiada Mlodziezy C-14"]
[Site "Spala"]
[Date "1899-12-30"]
[Round "5.17"]
[White "Hrymowicz, Artur"]
[Black "Szustakowski, Antoni"]
[Result "1-0"]
[WhiteTitle "II"]
[BlackTitle "II"]
[WhiteElo "1425"]
[BlackElo "1621"]

1. e4 c5 2. Nf3 e6 3. d4 cxd4 4. Nxd4 Nf6 5. Nc3 Nc6 6. Be3 Bb4 7. f3 Bxc3+ 8.
bxc3 O-O 9. Bc4 d5 10. Bd3 h6 11. O-O Ne5 12. Nb3 dxe4 13. fxe4 Nfg4 14. Bd4 Qh4
15. h3 Qg3 16. hxg4 Nxg4 17. Rf3 Qh2+ 18. Kf1 Qh1+ 19. Ke2 Qxg2+ 20. Ke1 e5 21.
Bf1 Qh1 22. Bc5 Nh2 23. Rf2 Bh3 24. Nd2 Rfc8 25. Qh5 Nxf1 26. Rxf1 Qg2 27. Qxf7+
Kh8 28. Rg1 Rxc5 29. Rxg2 Bxg2 30. Qf2 Rxc3 31. Qxg2 Rxc2 32. Qg3 Rd8 33. Rd1
Rxa2 34. Qxe5 a5 35. Qe7 Rg8 36. Qxb7 a4 37. Qb1 Ra3 38. Qb2 Rg3 39. Nf1 Rg4 40.
Rd4 Re8 41. Rxa4 Rgxe4+ 42. Rxe4 Rxe4+ 43. Kf2 Rf4+ 44. Kg2 Rf6 45. Ng3 Kh7 46.
Kh3 Kg8 47. Nh5 Rg6 48. Qb8+ Kf7 49. Qc7+ Kf8 50. Qd8+ Kf7 51. Qd5+ Kf8 52. Qf5+
1-0

[Event "Ogolnopolska Olimpiada Mlodziezy C-14"]
[Site "Spala"]
[Date "1899-12-30"]
[Round "5.18"]
[White "Wrobel, Michal"]
[Black "Mendak, Mateusz"]
[Result "0-1"]
[WhiteTitle "I"]
[BlackTitle "II"]
[WhiteElo "1746"]
[BlackElo "1575"]

1. e4 c6 2. d4 d5 3. exd5 cxd5 4. Bd3 Nc6 5. c3 Qc7 6. h3 Nf6 7. Nf3 h6 8. O-O
e6 9. Re1 Bd6 10. b3 O-O 11. Bb2 Rd8 12. Na3 a6 13. Nc2 b5 14. Qe2 Nh5 15. g3
Bxg3 16. fxg3 Qxg3+ 17. Qg2 Qxg2+ 18. Kxg2 Nf4+ 19. Kh2 Nxd3 20. Reb1 e5 21. dxe5
Ncxe5 22. Nxe5 Nxe5 23. Nd4 Be6 24. Rd1 Rac8 25. Rac1 Re8 26. Rc2 g5 27. Re2 Ng6
28. Rf2 Nf4 29. h4 Ng6 30. hxg5 hxg5 31. Kg3 Kg7 32. Nf5+ Bxf5 33. Rxf5 f6 34.
Rfxd5 Re3+ 35. Kf2 Rh3 36. Rd7+ Kh6 37. Kg1 f5 38. R1d6 Rg8 39. Rxa6 Kh5 40. Rb6
Kg4 41. c4 Nf4 42. c5 Re8 43. Rd2 Kg3 44. Rd1 Ne2+ 0-1

[Event "Ogolnopolska Olimpiada Mlodziezy C-14"]
[Site "Spala"]
[Date "1899-12-30"]
[Round "5.19"]
[White "Bakalarczyk, Jakub"]
[Black "Kubiak, Jakub"]
[Result "0-1"]
[WhiteTitle "II"]
[BlackTitle "I"]
[WhiteElo "1442"]
[BlackElo "1646"]

1. d4 Nf6 2. c4 g6 3. Nc3 Bg7 4. Nf3 O-O 5. g3 d6 6. Bg2 c5 7. O-O Nbd7 8. b3 e6
9. e4 a6 10. Bb2 Rb8 11. Qe2 b6 12. Rfd1 Qc7 13. Rac1 Bb7 14. h3 Rfd8 15. a3 Rbc8
16. Qc2 Nf8 17. dxc5 dxc5 18. Ne1 Nh5 19. Ne2 Bh6 20. Rxd8 Rxd8 21. Rd1 Bg7 22.
Bxg7 Nxg7 23. Rxd8 Qxd8 24. Qd3 Qxd3 25. Nxd3 Nd7 26. Nc3 Kf8 27. f4 Ne8 28. Kf2
Nd6 29. Ke3 f5 30. Bf3 Nb8 31. Ne5 Ke7 32. g4 b5 33. cxb5 axb5 34. Kd3 b4 35.
gxf5 gxf5 36. axb4 cxb4 37. exf5 Bxf3 38. Nxf3 bxc3 39. fxe6 Kxe6 40. Ng5+ Kf5
41. Nxh7 Nb5 42. Ng5 Nc6 43. Nf3 Nb4+ 44. Ke2 Kxf4 45. Ne1 Ke4 46. h4 Nd4+ 47.
Kd1 Nd3 48. Nc2 Nxc2 49. Kxc2 Kd4 50. Kd1 Nb4 51. h5 Kd3 52. h6 c2+ 53. Kc1 Kc3
54. h7 Nd3# 0-1

[Event "Ogolnopolska Olimpiada Mlodziezy C-14"]
[Site "Spala"]
[Date "1899-12-30"]
[Round "5.20"]
[White "Miasik, Adrian"]
[Black "Urbanski, Wojciech"]
[Result "1/2-1/2"]
[WhiteTitle "II"]
[BlackTitle "II"]
[WhiteElo "1594"]
[BlackElo "1400"]

1. d4 f5 2. Nf3 e6 3. c4 d6 4. Nc3 Nf6 5. Qc2 Be7 6. e3 O-O 7. Be2 Nbd7 8. O-O
Qe8 9. e4 fxe4 10. Nxe4 Nxe4 11. Qxe4 Nf6 12. Qc2 b6 13. Bd3 c5 14. dxc5 bxc5
15. Bg5 Bb7 16. Qe2 e5 17. Bxf6 Bxf6 18. Be4 Qd7 19. Qd3 Bxe4 20. Qxe4 Qc7 21.
Qd5+ Kh8 22. Qe4 Rab8 23. b3 Qb7 24. Qxb7 Rxb7 25. Rad1 Rb6 26. Rfe1 Ra6 27. Re2
Re8 28. Red2 Rd8 29. Re1 h6 30. Kf1 Re8 31. Re4 Kg8 32. h3 Kf7 33. Ke2 Rb6 34.
h4 g5 35. hxg5 Bxg5 36. Nxg5+ hxg5 37. f3 Rh8 38. Kf2 Rh6 39. Kg3 Kf6 40. Rg4
Rh5 41. Re4 Rh6 42. Kf2 Rh1 1/2-1/2

[Event "Ogolnopolska Olimpiada Mlodziezy C-14"]
[Site "Spala"]
[Date "1899-12-30"]
[Round "5.21"]
[White "Rak, Maciej"]
[Black "Modlich, Kacper"]
[Result "1-0"]
[WhiteTitle "II"]
[BlackTitle "II+"]
[WhiteElo "1395"]
[BlackElo "1592"]

1. e4 c5 2. Nf3 d6 3. c3 Nf6 4. Be2 Bd7 5. Qc2 Qc7 6. O-O g6 7. d4 cxd4 8. Nxd4
Bg7 9. Be3 Nc6 10. Nd2 O-O 11. N2b3 d5 12. exd5 Nxd5 13. Bf3 Nxe3 14. fxe3 Ne5
15. Kh1 Nxf3 16. Nxf3 Rad8 17. Rad1 Bg4 18. h3 Bxf3 19. Rxf3 Rxd1+ 20. Qxd1 Rd8
21. Qe2 Qd6 22. Rf1 Qd3 23. Qxd3 Rxd3 24. Re1 b6 25. Kg1 f5 26. Kf2 Kf7 27. Ke2
Rd6 28. Rd1 Rxd1 29. Kxd1 e5 30. a4 Ke6 31. Ke2 Kd5 32. Nd2 g5 33. e4+ Ke6 34.
exf5+ Kxf5 35. Kf3 h5 36. g4+ hxg4+ 37. hxg4+ Ke6 38. Ke4 a6 39. Nc4 b5 40. axb5
axb5 41. Na3 Kd6 42. Nxb5+ Kc5 43. Na3 Bf8 44. b4+ Kc6 45. Nc4 Kb5 46. Nxe5 Ka4
47. Nf3 Kb3 48. Kd3 Bg7 49. Nd4+ Ka4 50. Kc4 Be5 51. b5 Bf4 52. Nc6 Ka3 53. b6
Ka4 54. b7 Bc7 55. b8=Q Bxb8 56. Nxb8 Ka5 57. Kc5 Ka4 58. c4 Ka5 59. Kd5 Kb6 1-0

[Event "Ogolnopolska Olimpiada Mlodziezy C-14"]
[Site "Spala"]
[Date "1899-12-30"]
[Round "5.23"]
[White "Laszczak, Przemyslaw"]
[Black "Holownia, Michal"]
[Result "0-1"]
[WhiteTitle "II+"]
[BlackTitle "II"]
[WhiteElo "1625"]
[BlackElo "1576"]

1. d4 Nf6 2. c4 c5 3. d5 e6 4. Nc3 exd5 5. cxd5 d6 6. Nf3 g6 7. h3 Bg7 8. Bf4 O-O
9. e3 a6 10. a4 Qb6 11. Ra3 Nh5 12. Rb3 Qc7 13. Bh2 f5 14. Be2 Qe7 15. O-O Nd7
16. Nd2 Nhf6 17. Nc4 Ne5 18. Bxe5 dxe5 19. d6 Qe8 20. Nb6 Rb8 21. Bc4+ Kh8 22.
Ncd5 Nxd5 23. Qxd5 Bd7 24. a5 Bc6 25. Qxc5 f4 26. Bd5 Bb5 27. Rc1 Qd8 28. Qc7
Qh4 29. exf4 exf4 30. d7 Rbd8 31. Bxb7 Bd4 32. Rc2 Qf6 33. Bc6 Be5 34. Qb7 Rb8
35. Nd5 Qf5 36. Ne3 fxe3 37. Be4 Qxf2+ 38. Rxf2 exf2+ 39. Kh1 f1=Q# 0-1

[Event "Ogolnopolska Olimpiada Mlodziezy C-14"]
[Site "Spala"]
[Date "1899-12-30"]
[Round "6.1"]
[White "Janik, Igor"]
[Black "Chylewski, Patryk"]
[Result "1-0"]
[WhiteTitle "I++"]
[BlackTitle "I+"]
[WhiteElo "2052"]
[BlackElo "1899"]

1. e4 c5 2. Nf3 d6 3. d4 cxd4 4. Nxd4 Nf6 5. Nc3 a6 6. g3 e6 7. Bg2 Qc7 8. O-O
Be7 9. Be3 O-O 10. f4 Nc6 11. Kh1 Na5 12. g4 Nc4 13. Bc1 e5 14. Nf5 Bxf5 15. exf5
exf4 16. g5 Nd7 17. Rxf4 Nce5 18. Rh4 Rfe8 19. Nd5 Qd8 20. Qh5 Nf8 21. Be4 g6
22. Qh6 Ned7 23. fxg6 fxg6 24. Bxg6 hxg6 25. Qh8+ Kf7 26. Rf4+ Ke6 27. Qg8+ Ke5
28. Bd2 Ne6 29. Re1+ Kxd5 30. Qxe6+ Kc6 31. Rc4+ Nc5 32. b4 b5 33. Rxc5+ Kb7 34.
Qd5+ Kb8 35. Rc6 Ra7 36. Bf4 Bf8 37. Rxe8 Qxe8 38. Bxd6+ Bxd6 39. Qxd6+ Ka8 40.
Qe6 Qxe6 41. Rxe6 Rc7 42. Rxg6 Kb7 43. h4 Rxc2 44. h5 Rc1+ 45. Kg2 Rc2+ 46. Kg3
Rc3+ 47. Kg4 Rc4+ 48. Kf5 Rxb4 49. h6 1-0

[Event "Ogolnopolska Olimpiada Mlodziezy C-14"]
[Site "Spala"]
[Date "1899-12-30"]
[Round "6.2"]
[White "Grela, Kacper"]
[Black "Kowalski, Igor"]
[Result "1/2-1/2"]
[WhiteTitle "I+"]
[BlackTitle "I"]
[WhiteElo "2025"]
[BlackElo "1852"]

1. e4 c5 2. Nf3 e6 3. d4 cxd4 4. Nxd4 a6 5. Bd3 Bc5 6. Nb3 Ba7 7. O-O Nc6 8. Qe2
d6 9. Nc3 Nf6 10. a4 O-O 11. Bd2 e5 12. Bg5 Bg4 13. Qd2 h6 14. Bxf6 Qxf6 15. Nd5
Qd8 16. Nc1 Rc8 17. Ne2 Be6 18. Nec3 Nd4 19. Kh1 f5 20. exf5 Bxf5 21. Bxf5 Rxf5
22. f4 exf4 23. Rxf4 Rxf4 24. Qxf4 Qf8 25. Qg4 Re8 26. Rd1 Re5 27. h3 Rg5 28.
Qe4 Re5 29. Qg4 Rg5 30. Qe4 Re5 31. Qg4 Rg5 1/2-1/2

[Event "Ogolnopolska Olimpiada Mlodziezy C-14"]
[Site "Spala"]
[Date "1899-12-30"]
[Round "6.3"]
[White "Klepek, Witold"]
[Black "Woloch, Oskar"]
[Result "1/2-1/2"]
[WhiteTitle "I"]
[BlackTitle "I+"]
[WhiteElo "1815"]
[BlackElo "1892"]

1. d4 c5 2. e4 cxd4 3. c3 d5 4. exd5 Qxd5 5. cxd4 e5 6. dxe5 Qxe5+ 7. Be2 Nf6 8.
Nf3 Bb4+ 9. Nbd2 Qe7 10. O-O O-O 11. a3 Ba5 12. b4 Bc7 13. Bb2 Nc6 14. Re1 Be6
15. Bc4 Rfe8 16. Bxe6 fxe6 17. Qb3 Rad8 18. Nc4 Rd5 19. Rad1 Qf7 20. Nce5 Nxe5
21. Bxe5 Bxe5 22. Nxe5 Qh5 23. Nf3 Red8 24. Rc1 Qf7 25. Ne5 Qe7 26. Qe3 a6 27.
h3 Rd4 28. Rc4 Rxc4 29. Nxc4 Rc8 30. Na5 Kf7 31. Qf3 Rc7 32. Nb3 Rc6 33. Nd4 Rb6
34. g4 Qd7 35. Nb3 Qd5 36. Qe3 Rd6 37. Nc5 h6 38. Qf4 g5 39. Qe3 Qc6 40. Nd3 Nd7
41. Ne5+ Nxe5 42. Qxe5 Rd3 43. Qh8 Rxh3 44. Qh7+ Kf8 45. Qh8+ Ke7 46. Qg7+ Kd8
47. Rd1+ Kc8 48. Qf8+ Kc7 49. Qg7+ Kd6 50. Re1 1/2-1/2

[Event "Ogolnopolska Olimpiada Mlodziezy C-14"]
[Site "Spala"]
[Date "1899-12-30"]
[Round "6.4"]
[White "Walter, Szymon"]
[Black "Lukasiewicz, Krzysztof"]
[Result "1-0"]
[WhiteTitle "I+"]
[BlackTitle "I"]
[WhiteElo "1942"]
[BlackElo "1803"]

1. e4 e5 2. Nf3 Nc6 3. Nc3 Nf6 4. a3 Bc5 5. Nxe5 Bxf2+ 6. Kxf2 Nxe5 7. d4 Neg4+
8. Kg1 d5 9. h3 Nh6 10. Bxh6 gxh6 11. exd5 Nxd5 12. Qh5 Be6 13. Re1 O-O 14. Qxh6
Nxc3 15. bxc3 Bf5 16. Bd3 Bxd3 17. cxd3 Re8 18. Rxe8+ Qxe8 19. Qg5+ Kf8 20. Kh2
Qe2 21. Qf5 Re8 22. Rf1 Re7 23. Qxh7 Ke8 24. Qf5 Kf8 25. Rf3 Qe1 26. Qc8+ Re8
27. Qxc7 Qe6 28. Qc5+ Re7 29. Rg3 b6 30. Qg5 Ke8 31. Qg8+ Kd7 32. Qb8 Kc6 33.
c4 1-0

[Event "Ogolnopolska Olimpiada Mlodziezy C-14"]
[Site "Spala"]
[Date "1899-12-30"]
[Round "6.5"]
[White "Leskiewicz, Ignacy"]
[Black "Janiszewski, Filip"]
[Result "1/2-1/2"]
[WhiteTitle "I"]
[BlackTitle "I"]
[WhiteElo "1685"]
[BlackElo "1824"]

1. e4 c5 2. Nf3 d6 3. d4 cxd4 4. Nxd4 Nf6 5. Nc3 a6 6. Bc4 e6 7. O-O b5 8. Bb3
Nbd7 9. f3 Nc5 10. Be3 Bb7 11. Qe1 Be7 12. Qg3 O-O 13. Rad1 Qc7 14. Rfe1 Kh8 15.
Kh1 Rac8 16. h4 Nxb3 17. axb3 Qd8 18. Bf2 Nh5 19. Qh2 g6 20. g4 Ng7 21. Rd2 b4
22. Na4 h5 23. Rg1 hxg4 24. Rxg4 Nh5 25. Ne2 Nf6 26. Bd4 Kg8 27. Rg3 Nh5 28. Rg1
Qa5 29. Ng3 Nxg3+ 30. Rxg3 Qh5 31. Rdg2 e5 32. Be3 d5 33. Bg5 Bxg5 34. hxg5 Qxh2+
35. Rxh2 Kg7 36. Nb6 dxe4 37. Nxc8 exf3 38. Kg1 Rxc8 39. Rgh3 e4 40. Rh7+ Kf8
41. Rh8+ Ke7 42. Rxc8 Bxc8 43. Kf2 Ke6 44. Rh8 Bd7 45. Rb8 Ke5 46. Kxf3 exf3 1/2-1/2

[Event "Ogolnopolska Olimpiada Mlodziezy C-14"]
[Site "Spala"]
[Date "1899-12-30"]
[Round "6.6"]
[White "Gumularz, Szymon"]
[Black "Wyczling, Bartosz"]
[Result "1-0"]
[WhiteTitle "I++"]
[BlackTitle "I"]
[WhiteElo "2024"]
[BlackElo "1747"]

1. e4 c5 2. Nf3 e6 3. d4 cxd4 4. Nxd4 Nf6 5. Nc3 Nc6 6. Ndb5 d6 7. Bf4 e5 8. Bg5
a6 9. Na3 b5 10. Nd5 Be7 11. Bxf6 Bxf6 12. c4 b4 13. Nc2 Rb8 14. b3 Bg5 15. g3
Be6 16. Bg2 O-O 17. O-O Bxd5 18. Qxd5 Ne7 19. Qd3 f5 20. exf5 Nxf5 21. Rad1 Rb6
22. c5 Rb5 23. cxd6 Kh8 24. Be4 g6 25. d7 Rb6 26. Bxf5 gxf5 27. Ne3 f4 28. Nc4
Re6 29. Qe4 Qf6 30. Rd5 Qh6 31. Rxe5 f3 32. Rxe6 Qh3 33. Qe5+ Bf6 34. Qxf6+ Kg8
35. Qxf8+ Kxf8 36. d8=Q+ 1-0

[Event "Ogolnopolska Olimpiada Mlodziezy C-14"]
[Site "Spala"]
[Date "1899-12-30"]
[Round "6.7"]
[White "Pietras, Daniel"]
[Black "Koziol, Kamil"]
[Result "0-1"]
[WhiteTitle "II+"]
[BlackTitle "I++"]
[WhiteElo "1509"]
[BlackElo "2005"]

1. e4 c5 2. Nf3 Nf6 3. Nc3 Nc6 4. d4 d5 5. exd5 Nxd5 6. Nxd5 Qxd5 7. dxc5 Qxd1+
8. Kxd1 e5 9. Bb5 Bg4 10. Bxc6+ bxc6 11. Ke1 Bxf3 12. gxf3 Bxc5 13. Be3 Bd6 14.
Rg1 g6 15. Rd1 Ke7 16. Bg5+ Ke6 17. h3 f5 18. Bd2 Rhb8 19. b3 Rd8 20. Ba5 Rd7
21. Ke2 Be7 22. Rxd7 Kxd7 23. c4 Ke6 24. Rd1 Bc5 25. Rd8 Rxd8 26. Bxd8 Bb6 27.
Bxb6 axb6 28. b4 b5 29. Kd3 g5 30. Kc3 h5 31. Kd3 h4 32. Ke3 bxc4 33. a4 Kd6 34.
a5 Kc7 35. Ke2 c3 36. f4 exf4 37. f3 c2 38. Kd2 g4 39. Kxc2 gxh3 40. a6 Kb6 41.
b5 cxb5 42. a7 Kxa7 0-1

[Event "Ogolnopolska Olimpiada Mlodziezy C-14"]
[Site "Spala"]
[Date "1899-12-30"]
[Round "6.8"]
[White "Karpus, Michal"]
[Black "Choina, Michal"]
[Result "1/2-1/2"]
[WhiteTitle "I+"]
[BlackTitle "II"]
[WhiteElo "1902"]
[BlackElo "1627"]

1. e4 c6 2. d4 d5 3. Nc3 dxe4 4. Nxe4 Bf5 5. Nc5 b6 6. Nb3 e6 7. Nf3 Bd6 8. g3
Nd7 9. Bg2 Rc8 10. O-O Ngf6 11. Qe2 Qc7 12. h3 O-O 13. Nh4 Bg6 14. Nxg6 hxg6 15.
f4 c5 16. dxc5 Bxc5+ 17. Kh1 Rfd8 18. c3 Nb8 19. Nxc5 Qxc5 20. Be3 Qc7 21. Rad1
Rxd1 22. Rxd1 Rd8 23. Kh2 Rxd1 24. Qxd1 Nc6 25. c4 Ne7 26. b3 Nf5 27. Bf2 Qd7
28. Qxd7 Nxd7 29. b4 Ne7 30. c5 bxc5 31. bxc5 Nb8 32. g4 Kf8 33. Kg3 Ke8 34. Bd4
f6 35. Kf2 Nd5 36. Kg3 Nc6 37. Bb2 Nce7 38. Be4 Kd7 39. Bc2 Kc6 40. Bd4 Kb5 41.
Bb3 a5 42. a3 Nc6 43. Bf2 Nce7 44. Kf3 Nc6 45. Bg1 Nce7 46. Ke4 Nc3+ 47. Kf3 Ncd5
48. Bd4 Nc6 49. Bf2 Nce7 50. Ke4 Nc3+ 51. Kd4 Ne2+ 52. Ke3 Nc3 53. Bxe6 Nd1+ 54.
Ke2 Nxf2 55. Kxf2 Kxc5 56. Ke3 Nd5+ 57. Bxd5 Kxd5 58. Ke4+ 1/2-1/2

[Event "Ogolnopolska Olimpiada Mlodziezy C-14"]
[Site "Spala"]
[Date "1899-12-30"]
[Round "6.9"]
[White "Karwat, Szymon"]
[Black "Zaleski, Lukasz"]
[Result "0-1"]
[WhiteTitle "II"]
[BlackTitle "I"]
[WhiteElo "1379"]
[BlackElo "1876"]

1. e4 e6 2. d4 d5 3. Nd2 dxe4 4. Nxe4 Nd7 5. Nf3 Ngf6 6. Nxf6+ Nxf6 7. Bf4 c5 8.
Be2 Bd6 9. Bb5+ Ke7 10. Bxd6+ Qxd6 11. O-O Bd7 12. Bc4 Bc6 13. dxc5 Qxc5 14. Bd3
Rhd8 15. Qe2 Rac8 16. Rad1 Qh5 17. Ne5 Qxe2 18. Bxe2 Be4 19. Rxd8 Rxd8 20. Bd3
Bxd3 21. Nxd3 Rc8 22. Rc1 Nd7 23. c4 e5 24. b3 Ke6 25. Re1 f6 26. Nf4+ Kf7 27.
Nd5 Rd8 28. Kf1 Nb6 29. Nxb6 axb6 30. Ke2 Ke6 31. Rd1 Rxd1 32. Kxd1 e4 33. Ke2
Ke5 34. Ke3 f5 35. f4+ Kd6 36. b4 b5 37. Kd4 bxc4 38. Kxc4 b5+ 39. Kd4 Kc6 40.
h4 g6 41. g4 fxg4 42. Kxe4 h5 0-1

[Event "Ogolnopolska Olimpiada Mlodziezy C-14"]
[Site "Spala"]
[Date "1899-12-30"]
[Round "6.10"]
[White "Filewicz, Radoslaw"]
[Black "Sernecki, Franciszek"]
[Result "0-1"]
[WhiteTitle "I"]
[BlackTitle "I"]
[WhiteElo "1508"]
[BlackElo "1773"]

1. d4 d5 2. c4 e6 3. cxd5 exd5 4. Nc3 c5 5. Nf3 Nc6 6. g3 Nf6 7. Bg2 Be7 8. O-O
O-O 9. Bf4 Be6 10. dxc5 Bxc5 11. Na4 Bb6 12. Nxb6 Qxb6 13. b3 h6 14. Be3 Qa6 15.
h3 Ne4 16. Qd3 Qxd3 17. exd3 Nd6 18. Bc5 Rfd8 19. Rfe1 b6 20. Ba3 Nb5 21. Bb2
Nb4 22. Red1 Bf5 23. Ne1 Rac8 24. Bf1 d4 25. a3 Nc2 26. Nxc2 Rxc2 27. Bc1 Rdc8
28. a4 Nc3 29. Re1 Be6 30. Bf4 Bxb3 31. a5 Ra2 32. axb6 axb6 33. Rxa2 Bxa2 34.
Re7 Bd5 35. Be5 b5 36. Bxd4 b4 37. Bxc3 Rxc3 38. Re8+ Kh7 39. Re1 Ba2 40. Bg2
b3 41. Bd5 Kg6 42. Kg2 Rc5 43. Be4+ f5 44. d4 Rc4 45. Bd5 Rxd4 46. Bg8 Rd6 47.
Kf3 Ra6 48. Bc4 Ra3 49. Kg2 b2 50. Re6+ Kf7 51. Bxa2 Rxa2 52. Rb6 Ke7 53. Kf3
Kd7 54. Ke3 Kc7 55. Rb4 Kc6 56. Kd3 Kc5 57. Rb7 Ra3+ 58. Kc2 Rf3 59. Kxb2 Rxf2+
60. Kc1 g5 61. Rh7 Rg2 62. Rxh6 Rxg3 63. Kd2 Kd4 64. Rd6+ Ke4 65. Re6+ Kf3 66.
Rf6 f4 67. Rh6 Kg2 0-1

[Event "Ogolnopolska Olimpiada Mlodziezy C-14"]
[Site "Spala"]
[Date "1899-12-30"]
[Round "6.11"]
[White "Drozdowski, Konrad"]
[Black "Poplawski, Maciej"]
[Result "1-0"]
[WhiteTitle "I+"]
[BlackTitle "II"]
[WhiteElo "1967"]
[BlackElo "1591"]

1. e4 c6 2. c4 d5 3. exd5 cxd5 4. cxd5 Qxd5 5. Nc3 Qa5 6. Nf3 Nc6 7. Bc4 e6 8.
O-O Nf6 9. d3 Be7 10. Bf4 O-O 11. Re1 a6 12. Qe2 Qf5 13. Be3 b5 14. Bb3 Bb7 15.
Rad1 Bd6 16. Ne4 Bb4 17. Nh4 Qe5 18. f4 Qc7 19. Nxf6+ gxf6 20. Rf1 f5 21. Rf3
Qe7 22. Rh3 Qf6 23. Qh5 Kh8 24. Nf3 Qg6 25. Qxg6 fxg6 26. Ng5 h5 27. Nxe6 Rfe8
28. d4 Rac8 29. d5 Na5 30. d6 Bxd6 31. Rxd6 Nxb3 32. axb3 Rc2 33. Rg3 Re7 34.
Rxg6 Kh7 35. Ng5+ Kh8 36. Bd4+ Rg7 37. Rd8# 1-0